New Hotel (Record no. 418405)

MARC details
000 -LEADER
fixed length control field 00343nam a2200157Ia 4500
008 - FIXED-LENGTH DATA ELEMENTS--GENERAL INFORMATION
fixed length control field 230605s2002 xx 000 0 und d
041 ## - LANGUAGE CODE
Language code of text/sound track or separate title eng
100 ## - MAIN ENTRY--PERSONAL NAME
Personal name Collins
245 ## - TITLE STATEMENT
Title New Hotel
260 ## - PUBLICATION, DISTRIBUTION, ETC.
Name of publisher, distributor, etc. Conran octopus
Date of publication, distribution, etc. 2002
-- 2002
300 ## - PHYSICAL DESCRIPTION
Extent 224
365 ## - TRADE PRICE
Price amount 3704
Tax rate 1 20
500 ## - GENERAL NOTE
General note 1647
520 ## - SUMMARY, ETC.
Summary, etc. Reference Copy
650 ## - SUBJECT ADDED ENTRY--TOPICAL TERM
Topical term or geographic name entry element F. P.

No items available.